[Event "ARM-ch 1st League 75th"]
[Site "Yerevan"]
[Date "2014.08.31"]
[Round "10"]
[White "Babujian, Levon"]
[Black "Alaverdyan, Gevorg"]
[Result "0-1"]
[WhiteElo "2484"]
[BlackElo "2369"]
[PlyCount "86"]
[EventDate "2014.08.21"]
[EventType "tourn"]
[EventRounds "13"]
[EventCountry "ARM"]
[EventCategory "6"]
[SourceTitle "CBM 162 Extra"]
[Source "ChessBase"]
[SourceDate "2014.10.17"]
[SourceVersion "1"]
[SourceVersionDate "2014.10.17"]
[SourceQuality "1"]

1. e4 e5 2. Nf3 Nc6 3. d4 exd4 4. Nxd4 Bc5 5. Nb3 Bb4+ 6. c3 Be7 7. c4 Nf6 8. Nc3 0-0 9. Be2 Re8 10. 0-0 d6 11. f3 h6 12. Be3 Ne5 13. Rc1 c6 14. Nd4 Bf8 15. Qd2 a6 16. Rfd1 b5 17. cxb5 axb5 18. b3 b4 19. Na4 Bd7 20. Bf2 Qb8 21. Nf5 Bxf5 22. exf5 c5 23. Bh4 Nc6 24. Bxf6 gxf6 25. Bc4 Nd4 26. Re1 Qb7 27. Qf2 d5 28. Bf1 Qa7 29. Red1 Re5 30. Rd3 Rae8 31. Kh1 Kh7 32. Qh4 Nxf5 33. Qf2 Ne3 34. f4 Re4 35. Be2 c4 36. Rxd5 Qe7 37. Ra5 Nd1 38. Rxd1 Rxe2 39. Qg1 c3 40. Rad5 c2 41. Rf1 Re1 42. Rc5 Rxf1 43. Qxf1 Qe1 0-1

[Event "ARM-ch 1st League 75th"]
[Site "Yerevan"]
[Date "2014.08.27"]
[Round "7"]
[White "Alaverdyan, Gevorg"]
[Black "Petrosian, Davit Gevorgi"]
[Result "1/2-1/2"]
[WhiteElo "2369"]
[BlackElo "2398"]
[PlyCount "80"]
[EventDate "2014.08.21"]
[EventType "tourn"]
[EventRounds "13"]
[EventCountry "ARM"]
[EventCategory "6"]
[SourceTitle "CBM 162 Extra"]
[Source "ChessBase"]
[SourceDate "2014.10.17"]
[SourceVersion "1"]
[SourceVersionDate "2014.10.17"]
[SourceQuality "1"]

1. c4 Nf6 2. Nc3 g6 3. d4 Bg7 4. e4 d6 5. Nf3 0-0 6. Be2 c5 7. d5 e6 8. h3 exd5 9. exd5 Re8 10. 0-0 Nbd7 11. Re1 Ne4 12. Nxe4 Rxe4 13. Bg5 Qf8 14. Qc2 Re8 15. Bd3 Ne5 16. Nxe5 Bxe5 17. Qa4 a6 18. Kf1 f6 19. Bd2 g5 20. Rab1 g4 21. hxg4 Bxg4 22. f3 Bh5 23. Bf5 Bg6 24. Qc2 Qf7 25. g4 b5 26. b3 Kg7 27. Kg2 Bd4 28. Bf4 Rxe1 29. Rxe1 Re8 30. Rxe8 Qxe8 31. Bxg6 hxg6 32. Bxd6 Qe1 33. Bh2 bxc4 34. bxc4 Kf7 35. d6 Ke6 36. Qe4+ Qxe4 37. fxe4 g5 38. Kf3 Be5 39. Bxe5 fxe5 40. a4 a5 1/2-1/2

[Event "ARM-ch 1st League 75th"]
[Site "Yerevan"]
[Date "2014.08.26"]
[Round "6"]
[White "Chibukhchian, Artur"]
[Black "Alaverdyan, Gevorg"]
[Result "0-1"]
[WhiteElo "2430"]
[BlackElo "2369"]
[PlyCount "83"]
[EventDate "2014.08.21"]
[EventType "tourn"]
[EventRounds "13"]
[EventCountry "ARM"]
[EventCategory "6"]
[SourceTitle "CBM 162 Extra"]
[Source "ChessBase"]
[SourceDate "2014.10.17"]
[SourceVersion "1"]
[SourceVersionDate "2014.10.17"]
[SourceQuality "1"]

1. d4 Nf6 2. Nf3 e6 3. c4 b6 4. g3 Bb7 5. Bg2 Be7 6. 0-0 0-0 7. Re1 d5 8. cxd5 exd5 9. Nc3 Nbd7 10. Bf4 c6 11. a3 Re8 12. Qc2 Nf8 13. Rad1 Ne6 14. Bc1 Bf8 15. Qb1 c5 16. dxc5 bxc5 17. Ng5 g6 18. Nge4 Nxe4 19. Bxe4 dxe4 20. Rxd8 Raxd8 21. Be3 Nd4 22. b4 cxb4 23. axb4 Bg7 24. Na4 Ba6 25. Qa2 Nxe2+ 26. Kg2 Nd4 27. Nc5 Bb5 28. g4 h6 29. h4 Nf3 30. Rh1 Ne5 31. Kg3 a6 32. h5 g5 33. Qc2 Nd3 34. Rb1 Be5+ 35. Kh3 Nf4+ 36. Bxf4 Bxf4 37. Rd1 e3 38. fxe3 Rxe3+ 39. Kg2 Rde8 40. Qf5 Re2+ 41. Kh1 Bc6+ 42. Kg1 0-1

[Event "ARM-ch 1st League 75th"]
[Site "Yerevan"]
[Date "2014.08.24"]
[Round "4"]
[White "Harutjunyan, Gevorg"]
[Black "Alaverdyan, Gevorg"]
[Result "0-1"]
[WhiteElo "2444"]
[BlackElo "2369"]
[PlyCount "110"]
[EventDate "2014.08.21"]
[EventType "tourn"]
[EventRounds "13"]
[EventCountry "ARM"]
[EventCategory "6"]
[SourceTitle "CBM 162 Extra"]
[Source "ChessBase"]
[SourceDate "2014.10.17"]
[SourceVersion "1"]
[SourceVersionDate "2014.10.17"]
[SourceQuality "1"]

1. e4 e5 2. Nf3 Nf6 3. Nxe5 d6 4. Nxf7 Kxf7 5. Nc3 c6 6. d4 Be7 7. f3 Rf8 8. Be3 Kg8 9. Qd2 b5 10. Bd3 a5 11. a4 b4 12. Ne2 Ba6 13. Nf4 Qc8 14. 0-0 Re8 15. g4 Nfd7 16. Rac1 Nb6 17. c4 c5 18. dxc5 dxc5 19. e5 N8d7 20. Bf5 Qc7 21. Nd5 Qxe5 22. Bf4 Qd4+ 23. Qxd4 cxd4 24. Rfe1 Bc5 25. Nc7 Nf6 26. g5 d3+ 27. Kg2 Nh5 28. Bd2 Rxe1 29. Rxe1 Ra7 30. g6 Nf6 31. gxh7+ Nxh7 32. Nxa6 Rxa6 33. Re5 Nxc4 34. Rxc5 Nxd2 35. Rc8+ Nf8 36. Bxd3 Rf6 37. Be2 Kh7 38. Rc5 Nb3 39. Bd3+ g6 40. Rc7+ Kh6 41. Ra7 Ne6 42. Bc4 Nd2 43. Bxe6 Rxe6 44. Rxa5 Re2+ 45. Kg3 Nf1+ 46. Kf4 Rxh2 47. Rd5 Rxb2 48. a5 Ra2 49. Rb5 Ra4 50. Ke5 Nd2 51. Kf6 Nxf3 52. Rb8 Ng5 53. Rb5 b3 54. Rd5 b2 55. Rb5 Ne4+ 0-1

[Event "ARM-ch 1st League 75th"]
[Site "Yerevan"]
[Date "2014.08.23"]
[Round "3"]
[White "Alaverdyan, Gevorg"]
[Black "Gabuzyan, Hovhannes"]
[Result "0-1"]
[WhiteElo "2369"]
[BlackElo "2582"]
[PlyCount "172"]
[EventDate "2014.08.21"]
[EventType "tourn"]
[EventRounds "13"]
[EventCountry "ARM"]
[EventCategory "6"]
[SourceTitle "CBM 162 Extra"]
[Source "ChessBase"]
[SourceDate "2014.10.17"]
[SourceVersion "1"]
[SourceVersionDate "2014.10.17"]
[SourceQuality "1"]

1. Nf3 Nf6 2. g3 d5 3. Bg2 c6 4. 0-0 Bf5 5. d3 e6 6. Nbd2 h6 7. Qe1 Bc5 8. e4 Bh7 9. Qe2 0-0 10. b3 a5 11. a4 Na6 12. Bb2 Nb4 13. Ne1 Re8 14. e5 Nd7 15. Kh1 Ba7 16. f4 Qb6 17. Ndf3 c5 18. c3 Nc6 19. Nd2 Rad8 20. g4 Qa6 21. Nb1 Qb6 22. Na3 f6 23. exf6 Nxf6 24. g5 hxg5 25. fxg5 Nd7 26. Nb5 Bb8 27. Qh5 Nde5 28. d4 cxd4 29. cxd4 Bg6 30. Qe2 Nf7 31. Nf3 e5 32. dxe5 Ncxe5 33. Bd4 Qe6 34. Nxe5 Nxe5 35. Rad1 Nd3 36. Qxe6+ Rxe6 37. Nc3 Nf4 38. Rfe1 Bc2 39. Rxe6 Nxe6 40. Rd2 Bxb3 41. Bb6 Bc7 42. Bxc7 Nxc7 43. Rb2 d4 44. Nb5 Nxb5 45. Rxb3 Nc3 46. Bxb7 Nxa4 47. Rb5 Nc3 48. Rxa5 d3 49. Bf3 d2 50. g6 d1Q+ 51. Bxd1 Rxd1+ 52. Kg2 Kf8 53. Ra7 Nd5 54. Rf7+ Kg8 55. h4 Re1 56. h5 Re7 57. Rf2 Re5 58. Ra2 Nc7 59. Ra7 Ne6 60. h6 gxh6 61. Rh7 Rg5+ 62. Kh3 Nf4+ 63. Kh2 Rg2+ 64. Kh1 Rxg6 65. Ra7 Rg7 66. Ra6 Kh7 67. Kh2 h5 68. Rf6 Rg2+ 69. Kh1 Rf2 70. Ra6 Ng6 71. Ra5 Kh6 72. Rb5 Nh4 73. Ra5 Kg6 74. Ra8 Nf5 75. Rg8+ Kf6 76. Kg1 Ra2 77. Kh1 Ke5 78. Rb8 h4 79. Kg1 Nd4 80. Rh8 Kf4 81. Rg8 Nf3+ 82. Kf1 Nh2+ 83. Kg1 Ng4 84. Rb8 h3 85. Rb4+ Kg3 86. Rb3+ Kh4 0-1

[Event "Poti Aleksandria Cup 9th"]
[Site "Poti"]
[Date "2014.07.19"]
[Round "8"]
[White "Rasulov, Vugar Ural Oglu"]
[Black "Alaverdyan, Gevorg"]
[Result "1-0"]
[WhiteElo "2521"]
[BlackElo "2355"]
[PlyCount "75"]
[EventDate "2014.07.13"]
[EventType "swiss"]
[EventRounds "9"]
[EventCountry "GEO"]
[SourceTitle "CBM 161 Extra"]
[Source "ChessBase"]
[SourceDate "2014.08.29"]
[SourceVersion "1"]
[SourceVersionDate "2014.08.29"]
[SourceQuality "1"]

1. e4 e5 2. Nf3 Nc6 3. Bb5 Nf6 4. 0-0 Nxe4 5. d4 Nd6 6. Bxc6 dxc6 7. dxe5 Nf5 8. Qxd8+ Kxd8 9. Nc3 a5 10. a3 h6 11. h3 Ne7 12. Re1 Ng6 13. Ne4 a4 14. Bd2 c5 15. Rad1 Ke8 16. Bc1 Be6 17. Nc3 Be7 18. Nh2 h5 19. Nf3 h4 20. Ng5 Bf5 21. Nd5 Bd8 22. e6 fxe6 23. Nxe6 Bxe6 24. Rxe6+ Kf7 25. Re4 Re8 26. Rg4 Ra6 27. Nc3 Rae6 28. Be3 Bf6 29. Rxa4 Bxc3 30. bxc3 b6 31. Kf1 Kf6 32. Rg4 Re4 33. Bg5+ Kf5 34. Bd8 Rxg4 35. hxg4+ Kxg4 36. Bxc7 Ra8 37. Rd5 Nf4 38. f3+ 1-0

[Event "EU-ch 15th"]
[Site "Yerevan"]
[Date "2014.03.13"]
[Round "10"]
[White "Minasian, Artashes"]
[Black "Alaverdyan, Gevorg"]
[Result "1/2-1/2"]
[WhiteElo "2482"]
[BlackElo "2311"]
[PlyCount "147"]
[EventDate "2014.03.03"]
[EventType "swiss"]
[EventRounds "11"]
[EventCountry "ARM"]
[SourceTitle "CBM 160"]
[Source "ChessBase"]
[SourceDate "2014.05.15"]
[SourceVersion "1"]
[SourceVersionDate "2014.05.15"]
[SourceQuality "1"]

1. g3 d5 2. Bg2 c6 3. d3 Nf6 4. Nf3 g6 5. 0-0 Bg7 6. Nbd2 0-0 7. e4 dxe4 8. dxe4 Na6 9. h3 Nc5 10. Qe2 h6 11. e5 Nd5 12. Nb3 Nxb3 13. axb3 a5 14. Rd1 Qc7 15. Rd4 Bf5 16. c3 Rfd8 17. Rda4 Nb6 18. Rxa5 Rxa5 19. Rxa5 Nc4 20. Ra2 Bd3 21. Qe1 Nxe5 22. Nxe5 Bxe5 23. Bxh6 Bc2 24. Qe3 Bxb3 25. Ra7 Bd5 26. Bxd5 cxd5 27. Ra4 Bf6 28. Bg5 Qd6 29. Bxf6 Qxf6 30. Rb4 e5 31. Rxb7 d4 32. cxd4 exd4 33. Qe7 Qxe7 34. Rxe7 d3 35. Re1 Rb8 36. Rd1 Rxb2 37. Rxd3 Kg7 38. Kg2 Rb4 39. Rd5 Ra4 40. g4 Ra1 41. h4 Ra3 42. f3 Ra1 43. h5 Rb1 44. Kg3 Rh1 45. Kf4 Rh3 46. hxg6 Kxg6 47. Rg5+ Kh6 48. Rf5 Kg6 49. Ke5 Rh1 50. Rf6+ Kg7 51. Kf5 Rf1 52. Kg5 Rg1 53. Ra6 Rb1 54. f4 Rb5+ 55. f5 Rc5 56. Ra4 Rb5 57. Kf4 Rb1 58. Re4 Ra1 59. Re2 Ra4+ 60. Kg5 Ra5 61. Kh5 Rb5 62. Re3 Ra5 63. Rf3 Rb5 64. g5 Rb1 65. Kg4 Rb4+ 66. Rf4 Rb1 67. Re4 Rg1+ 68. Kf4 Rf1+ 69. Ke5 Rg1 70. f6+ Kg6 71. Kd6 Rxg5 72. Ke7 Rg3 73. Re1 Rg5 74. Re2 1/2-1/2

[Event "EU-ch 15th"]
[Site "Yerevan"]
[Date "2014.03.11"]
[Round "8"]
[White "Ghvamberia, Nika"]
[Black "Alaverdyan, Gevorg"]
[Result "0-1"]
[WhiteElo "2133"]
[BlackElo "2311"]
[PlyCount "72"]
[EventDate "2014.03.03"]
[EventType "swiss"]
[EventRounds "11"]
[EventCountry "ARM"]
[SourceTitle "CBM 160"]
[Source "ChessBase"]
[SourceDate "2014.05.15"]
[SourceVersion "1"]
[SourceVersionDate "2014.05.15"]
[SourceQuality "1"]

1. e4 e5 2. Nf3 Nc6 3. Bb5 Nf6 4. 0-0 Nxe4 5. d4 Nd6 6. Bxc6 dxc6 7. dxe5 Nf5 8. Qe2 Nd4 9. Nxd4 Qxd4 10. Rd1 Qg4 11. f3 Qg6 12. Be3 Bf5 13. Rd2 Bb4 14. Nc3 Bxc3 15. bxc3 0-0 16. Rb1 b6 17. c4 c5 18. Rbd1 Rfe8 19. Bf4 Qc6 20. Qe3 a5 21. Bg3 Be6 22. Qg5 Bxc4 23. a3 h6 24. Qh4 b5 25. Rd7 Be6 26. Rd8 Raxd8 27. Rxd8 b4 28. Qe7 Rxd8 29. Qxd8+ Kh7 30. Qd3+ g6 31. Bh4 c4 32. Qd8 g5 33. Bf2 bxa3 34. Qd4 a2 35. Qc3 Qb5 36. Bd4 c5 0-1

[Event "EU-ch 15th"]
[Site "Yerevan"]
[Date "2014.03.08"]
[Round "6"]
[White "Babayan, Armine"]
[Black "Alaverdyan, Gevorg"]
[Result "0-1"]
[WhiteElo "2085"]
[BlackElo "2311"]
[PlyCount "100"]
[EventDate "2014.03.03"]
[EventType "swiss"]
[EventRounds "11"]
[EventCountry "ARM"]
[SourceTitle "CBM 160"]
[Source "ChessBase"]
[SourceDate "2014.05.15"]
[SourceVersion "1"]
[SourceVersionDate "2014.05.15"]
[SourceQuality "1"]

1. e4 c5 2. Nf3 e6 3. d4 cxd4 4. Nxd4 Nc6 5. Nc3 a6 6. Be3 Qc7 7. Be2 Nf6 8. 0-0 Be7 9. f4 d6 10. a4 0-0 11. Nb3 b6 12. Qe1 Bb7 13. Qf2 Nd7 14. g4 Nb4 15. Bf3 Rfe8 16. g5 Nc5 17. Nd4 Bf8 18. f5 g6 19. Bg2 Rad8 20. f6 e5 21. Nb3 d5 22. exd5 Nxd5 23. Nxd5 Bxd5 24. Nxc5 bxc5 25. h4 Qc6 26. h5 Rb8 27. hxg6 hxg6 28. b3 Rb4 29. Bxd5 Qxd5 30. c4 Qe4 31. Qf3 Qh4 32. Rab1 Rd8 33. Kg2 e4 34. Qe2 Bd6 35. Rh1 Qg3+ 36. Kf1 Bf4 37. Bxc5 Rxb3 38. Rxb3 Qxb3 39. Bf2 e3 40. Be1 Bxg5 41. Rh3 Bxf6 42. Rxe3 Qxa4 43. Re4 Qc6 44. Bf2 Kg7 45. c5 Rd5 46. Re8 Rf5 47. Ke1 Bc3+ 48. Kd1 Rxf2 49. Qxf2 Qxe8 50. Qf3 Qa4+ 0-1

[Event "EU-ch 15th"]
[Site "Yerevan"]
[Date "2014.03.06"]
[Round "4"]
[White "Erenberg, Ariel"]
[Black "Alaverdyan, Gevorg"]
[Result "0-1"]
[WhiteElo "2092"]
[BlackElo "2311"]
[PlyCount "98"]
[EventDate "2014.03.03"]
[EventType "swiss"]
[EventRounds "11"]
[EventCountry "ARM"]
[SourceTitle "CBM 160"]
[Source "ChessBase"]
[SourceDate "2014.05.15"]
[SourceVersion "1"]
[SourceVersionDate "2014.05.15"]
[SourceQuality "1"]

1. d4 Nf6 2. c4 c5 3. d5 b5 4. cxb5 a6 5. b6 d6 6. Nc3 Nbd7 7. a4 Qxb6 8. a5 Qc7 9. Nf3 g6 10. Nd2 Rb8 11. e3 Bg7 12. Nc4 0-0 13. Be2 Qb7 14. e4 Ne8 15. Bg5 f6 16. Be3 Nc7 17. 0-0 f5 18. Bg5 Nf6 19. e5 dxe5 20. Nxe5 Nfxd5 21. Nxd5 Nxd5 22. Nd3 h6 23. Bf3 hxg5 24. Nxc5 Qxb2 25. Qxd5+ Kh7 26. Rae1 g4 27. Bd1 Bf6 28. Ba4 Rb4 29. Nd3 Rd4 30. Nxb2 Rxd5 31. Nc4 Rc5 32. Bb3 Bd7 33. Rc1 Rfc8 34. Rc2 Be6 35. Rfc1 Rb8 36. Ne3 Rxc2 37. Bxc2 Rc8 38. Re1 Bc3 39. Rb1 Bxa5 40. Bd3 f4 41. Nf1 Bf5 42. Bxa6 Rc6 43. Bb7 Rc7 44. Rb5 Rc1 45. Rd5 Be6 46. g3 f3 47. Rxa5 Bc4 48. h3 Bxf1 49. Kh2 Bg2 0-1